000 00482nam a2200193Ia 4500
005 20250423100515.0
008 250422s9999 xx 000 0 und d
020 _a9780781787307
050 _aRM 301.12 .R36/
100 _aRamachandran, Anand.
245 0 _aPharmacology recall
250 _a2nd ed.
260 _aNew York
260 _bWolters Kluwer health
260 _c2007
300 _a592 p
650 _aPharmacology--Examinations, questions, etc.
942 _cBK
999 _c33514
_d33514